[Event "Unisource IV"]
[Site "Montreal CAN"]
[Date "2009.02.27"]
[Round "1"]
[White "Xu, Haizhou"]
[Black "Dobrev, Martin"]
[Result "1-0"]
[WhiteElo "2077"]
[BlackElo "1844"]
[PlyCount "67"]
[GameId "2160767910260425"]
[EventDate "2009.02.27"]
[EventType "tourn"]
[EventRounds "5"]
[EventCountry "CAN"]
[SourceTitle "EXT 2011"]
[Source "ChessBase"]
[SourceDate "2011.11.26"]
[SourceVersion "1"]
[SourceVersionDate "2011.11.26"]
[SourceQuality "1"]

1. e4 c6 2. d4 d5 3. e5 Bf5 4. Be3 e6 5. Nd2 Nd7 6. Nb3 Qc7 7. Nf3 f6 8. exf6 Ngxf6 9. Nh4 Bd6 10. Be2 O-O-O 11. Nc5 Bxc5 12. dxc5 Qa5+ 13. c3 h6 14. Nxf5 exf5 15. a4 Rde8 16. b4 Qc7 17. O-O Ne4 18. Bd4 Rhg8 19. Bd3 g5 20. f3 f4 21. fxe4 dxe4 22. Bc4 e3 23. Qh5 Ne5 24. Bxe5 Qxe5 25. Bxg8 Rxg8 26. Qxh6 e2 27. Rfe1 Qe3+ 28. Kh1 f3 29. Qh3+ g4 30. Qg3 Rg5 31. b5 Qxc5 32. bxc6 b6 33. gxf3 Qxc6 34. Rxe2 1-0

[Event "Unisource IV"]
[Site "Montreal CAN"]
[Date "2009.02.28"]
[Round "2"]
[White "Allard, Laurent"]
[Black "Turcotte, Jonathan"]
[Result "1/2-1/2"]
[WhiteElo "1775"]
[BlackElo "1833"]
[PlyCount "110"]
[GameId "2160767910260427"]
[EventDate "2009.02.27"]
[EventType "tourn"]
[EventRounds "5"]
[EventCountry "CAN"]
[SourceTitle "EXT 2011"]
[Source "ChessBase"]
[SourceDate "2011.11.26"]
[SourceVersion "1"]
[SourceVersionDate "2011.11.26"]
[SourceQuality "1"]

1. e4 d6 2. d4 Nf6 3. Nc3 g6 4. Be2 c6 5. Nf3 Bg7 6. O-O O-O 7. Bg5 Nbd7 8. Qd2 Qc7 9. Bh6 e5 10. Bxg7 Kxg7 11. Rad1 Re8 12. dxe5 dxe5 13. Rfe1 Nc5 14. Bf1 Bg4 15. Qe3 Ne6 16. Bc4 Qb6 17. Bxe6 Rxe6 18. h3 Bxf3 19. Qxf3 Rd8 20. Rxd8 Qxd8 21. Rd1 Rd6 22. Rxd6 Qxd6 23. Qe3 Qd4 24. Qxd4 exd4 25. Ne2 c5 26. f3 Nd7 27. Kf2 Ne5 28. b3 Nc6 29. a3 f5 30. Ng3 Kf6 31. f4 Ke6 32. exf5+ gxf5 33. Ke2 b5 34. Kd3 Ne7 35. Nh5 Nd5 36. g4 fxg4 37. hxg4 Ne3 38. f5+ Ke5 39. f6 Ke6 40. g5 c4+ 41. bxc4 bxc4+ 42. Kxd4 Nxc2+ 43. Kxc4 Nxa3+ 44. Kb4 Nc2+ 45. Kc5 Ne1 46. Ng7+ Kf7 47. Nf5 Nf3 48. Nd6+ Kf8 49. Ne4 Nxg5 50. Nxg5 h6 51. Ne4 Kf7 52. Kb5 h5 53. Ka6 h4 54. Kxa7 h3 55. Ng5+ Kxf6 1/2-1/2

[Event "Unisource IV"]
[Site "Montreal CAN"]
[Date "2009.02.28"]
[Round "2"]
[White "Baran, Marius"]
[Black "Deshetres, Michel"]
[Result "1/2-1/2"]
[WhiteElo "1654"]
[BlackElo "1688"]
[PlyCount "108"]
[GameId "2160767910260428"]
[EventDate "2009.02.27"]
[EventType "tourn"]
[EventRounds "5"]
[EventCountry "CAN"]
[SourceTitle "EXT 2011"]
[Source "ChessBase"]
[SourceDate "2011.11.26"]
[SourceVersion "1"]
[SourceVersionDate "2011.11.26"]
[SourceQuality "1"]

1. d4 Nf6 2. c4 c5 3. Nf3 cxd4 4. Nxd4 Nc6 5. Nc3 g6 6. e4 Bg7 7. Nxc6 bxc6 8. Be2 Qa5 9. O-O Rb8 10. Qc2 d6 11. Be3 Ng4 12. Bd2 Qh5 13. h3 Be5 14. Qd3 c5 15. Nb5 Qh4 16. f4 Rxb5 17. fxe5 Nxe5 18. Qe3 Rxb2 19. Be1 Rxe2 20. Qxe2 Qg5 21. Kh2 O-O 22. Bd2 Qh5 23. Qxh5 gxh5 24. Bh6 Re8 25. Bf4 Nxc4 26. Rfc1 Nb6 27. e5 dxe5 28. Bxe5 f6 29. Bb8 a5 30. Bc7 Na4 31. Rc4 Bd7 32. Rb1 Kf7 33. Bxa5 Rg8 34. Be1 Bc6 35. g3 Rd8 36. Kg1 Rd3 37. Rb3 Rd1 38. Re3 Ra1 39. a3 Bb5 40. Rc2 c4 41. Kf2 Nc5 42. Bb4 Nd3+ 43. Ke2 Nxb4 44. axb4 Ra4 45. Rcc3 Rxb4 46. Kd2 Rb2+ 47. Rc2 Rxc2+ 48. Kxc2 e5 49. Kc3 Ke6 50. Re4 Kf5 51. Rh4 Kg5 52. Re4 h6 53. Kd2 Kg6 54. Kc3 Bd7 1/2-1/2

[Event "Unisource IV"]
[Site "Montreal CAN"]
[Date "2009.02.28"]
[Round "2"]
[White "Bedard, Michel"]
[Black "Gauthier, Luc"]
[Result "1/2-1/2"]
[WhiteElo "1681"]
[BlackElo "1621"]
[PlyCount "94"]
[GameId "2160767910260429"]
[EventDate "2009.02.27"]
[EventType "tourn"]
[EventRounds "5"]
[EventCountry "CAN"]
[SourceTitle "EXT 2011"]
[Source "ChessBase"]
[SourceDate "2011.11.26"]
[SourceVersion "1"]
[SourceVersionDate "2011.11.26"]
[SourceQuality "1"]

1. d4 d5 2. c4 Nc6 3. e3 e5 4. cxd5 Qxd5 5. Nc3 Bb4 6. Bd2 Bxc3 7. Bxc3 exd4 8. exd4 Nge7 9. Qf3 Be6 10. Qxd5 Bxd5 11. b3 O-O-O 12. O-O-O Rhe8 13. Ne2 Ng6 14. f3 h5 15. h4 Nge7 16. Ng3 g6 17. Bb5 a6 18. Bxc6 Bxc6 19. Rhe1 Nd5 20. Rxe8 Rxe8 21. Bd2 Ne3 22. Bxe3 Rxe3 23. Kd2 Re8 24. Re1 Rxe1 25. Kxe1 f5 26. Ne2 Be8 27. Kd2 Kd7 28. Ke3 Kd6 29. Kf4 c5 30. dxc5+ Kxc5 31. Kg5 Kb4 32. Nf4 Ka3 33. Nxg6 Kxa2 34. Kxh5 Kxb3 35. Kg5 Bf7 36. Kf6 a5 37. Kxf7 a4 38. h5 a3 39. h6 a2 40. h7 a1=Q 41. h8=Q Qxh8 42. Nxh8 b5 43. Ng6 b4 44. Nf4 Kc2 45. Ne2 Kd3 46. Nc1+ Kc2 47. Ne2 Kd3 1/2-1/2

[Event "Unisource IV"]
[Site "Montreal CAN"]
[Date "2009.02.28"]
[Round "2"]
[White "Dobrev, Martin"]
[Black "Morissette, Jean-Sebastien"]
[Result "1-0"]
[WhiteElo "1844"]
[BlackElo "1990"]
[PlyCount "85"]
[GameId "2160767910260431"]
[EventDate "2009.02.27"]
[EventType "tourn"]
[EventRounds "5"]
[EventCountry "CAN"]
[SourceTitle "EXT 2011"]
[Source "ChessBase"]
[SourceDate "2011.11.26"]
[SourceVersion "1"]
[SourceVersionDate "2011.11.26"]
[SourceQuality "1"]

1. d4 d5 2. c4 e6 3. Nc3 Nf6 4. Nf3 Be7 5. Bf4 O-O 6. e3 Nh5 7. Bg3 c6 8. Bd3 dxc4 9. Bxc4 Nd7 10. Bd3 Qa5 11. Nd2 Ndf6 12. Be5 g6 13. g4 Ng7 14. h4 Nd5 15. Nb3 Qd8 16. h5 f6 17. Bg3 f5 18. hxg6 hxg6 19. Rh6 Kf7 20. Ke2 Bf6 21. Rh7 Rh8 22. Qh1 Rxh7 23. Qxh7 Qg8 24. Qh1 b6 25. e4 Nxc3+ 26. bxc3 Bb7 27. f4 Be7 28. e5 fxg4 29. Bh4 Nf5 30. Bxf5 gxf5 31. Bxe7 Kxe7 32. Qh4+ Kd7 33. Rh1 Re8 34. Kf2 Re7 35. Nd2 c5 36. Rh2 cxd4 37. cxd4 Qc8 38. Qg3 Qc2 39. Ke1 Rg7 40. Qa3 Ba8 41. Qd6+ Ke8 42. Qxe6+ Kf8 43. Qf6+ 1-0

[Event "Unisource IV"]
[Site "Montreal CAN"]
[Date "2009.02.28"]
[Round "2"]
[White "Dumont, Felix"]
[Black "Zhang, Zhiyuan"]
[Result "0-1"]
[WhiteElo "1748"]
[BlackElo "1816"]
[PlyCount "76"]
[GameId "2160767910260432"]
[EventDate "2009.02.27"]
[EventType "tourn"]
[EventRounds "5"]
[EventCountry "CAN"]
[SourceTitle "EXT 2011"]
[Source "ChessBase"]
[SourceDate "2011.11.26"]
[SourceVersion "1"]
[SourceVersionDate "2011.11.26"]
[SourceQuality "1"]

1. e4 e6 2. d4 d5 3. Nc3 Bb4 4. e5 Ne7 5. a3 Bxc3+ 6. bxc3 c5 7. Qg4 Ng6 8. Bd3 c4 9. Bxg6 hxg6 10. Nf3 Qa5 11. Bd2 Bd7 12. O-O Bc6 13. Ng5 Qc7 14. Rfe1 Na6 15. Re3 O-O-O 16. Rf3 Rdf8 17. Nxf7 Rxf7 18. Qxe6+ Rd7 19. Qxg6 Re7 20. Bg5 Be8 21. Qf5+ Bd7 22. Qf4 Ree8 23. Qf7 Be6 24. Qg6 Qd7 25. Bd2 Nb8 26. Rg3 Re7 27. Rf3 Nc6 28. Bg5 Ree8 29. Re1 Nd8 30. Ree3 Bg4 31. Rf4 Bh5 32. Qf5 Ne6 33. Rh4 g6 34. Qf6 Rhf8 35. g4 Rxf6 36. Bxf6 Qa4 37. gxh5 gxh5 38. Rxh5 Qxc2 0-1

[Event "Unisource IV"]
[Site "Montreal CAN"]
[Date "2009.02.28"]
[Round "2"]
[White "Lalumiere, Claude"]
[Black "Pregent, Daniel"]
[Result "1-0"]
[WhiteElo "1840"]
[BlackElo "1839"]
[PlyCount "65"]
[GameId "2160767910260433"]
[EventDate "2009.02.27"]
[EventType "tourn"]
[EventRounds "5"]
[EventCountry "CAN"]
[SourceTitle "EXT 2011"]
[Source "ChessBase"]
[SourceDate "2011.11.26"]
[SourceVersion "1"]
[SourceVersionDate "2011.11.26"]
[SourceQuality "1"]

1. e4 c6 2. d4 d5 3. exd5 cxd5 4. Bd3 Nf6 5. Bg5 e6 6. Nf3 h6 7. Bh4 Nc6 8. c3 Bd6 9. Nbd2 Rb8 10. Qe2 O-O 11. Ne5 Be7 12. Ndf3 Bd7 13. g4 Ne4 14. Bxe7 Qxe7 15. Bxe4 dxe4 16. Qxe4 f5 17. gxf5 exf5 18. Qd3 Nxe5 19. Nxe5 Bc6 20. Rg1 Rbd8 21. O-O-O Be4 22. Qd2 Rf6 23. Rde1 Ra6 24. f3 Rxa2 25. fxe4 fxe4 26. Kb1 Ra6 27. Qg2 g5 28. Qxe4 Qe6 29. c4 Qb6 30. Qf3 Qc7 31. h4 Rxd4 32. hxg5 h5 33. g6 1-0

[Event "Unisource IV"]
[Site "Montreal CAN"]
[Date "2009.02.28"]
[Round "2"]
[White "Luo, Zhao Yang"]
[Black "Sarrazin-Gendron, Roman"]
[Result "0-1"]
[WhiteElo "1650"]
[BlackElo "1641"]
[PlyCount "52"]
[GameId "2160767910260434"]
[EventDate "2009.02.27"]
[EventType "tourn"]
[EventRounds "5"]
[EventCountry "CAN"]

1. d4 Nf6 2. c4 g6 3. Nc3 Bg7 4. e4 d6 5. Nf3 O-O 6. Be2 Nbd7 7. Bf4 Nh5 8. Bg3 e5 9. dxe5 dxe5 10. Bh4 f6 11. Qd5+ Kh8 12. O-O-O Nf4 13. Qd2 Qe7 14. Nd5 Nxd5 15. exd5 Nc5 16. Qe3 a5 17. Kb1 Bf5+ 18. Ka1 a4 19. Nd2 Bc2 20. Rc1 Nb3+ 21. Nxb3 axb3 22. Rxc2 Rxa2+ 23. Kb1 Rfa8 24. Kc1 bxc2 25. Kxc2 R8a3 26. Qc1 Qb4 0-1

[Event "Unisource IV"]
[Site "Montreal CAN"]
[Date "2009.02.28"]
[Round "2"]
[White "Mathews, Theo"]
[Black "O'Connor, Michael"]
[Result "0-1"]
[WhiteElo "1735"]
[BlackElo "1735"]
[PlyCount "62"]
[GameId "2160767910260435"]
[EventDate "2009.02.27"]
[EventType "tourn"]
[EventRounds "5"]
[EventCountry "CAN"]
[SourceTitle "EXT 2011"]
[Source "ChessBase"]
[SourceDate "2011.11.26"]
[SourceVersion "1"]
[SourceVersionDate "2011.11.26"]
[SourceQuality "1"]

1. e4 c5 2. Nf3 Nc6 3. d4 cxd4 4. Nxd4 Nf6 5. Nc3 e5 6. Ndb5 d6 7. Bg5 a6 8. Bxf6 gxf6 9. Na3 b5 10. Nd5 f5 11. exf5 Bxf5 12. Be2 Bg7 13. O-O O-O 14. c3 Ne7 15. Ne3 Be6 16. Nac2 d5 17. Nb4 f5 18. Qd2 f4 19. Nec2 Qb6 20. Kh1 Rad8 21. a3 a5 22. Na2 Nc6 23. f3 e4 24. fxe4 dxe4 25. Nd4 Bxd4 26. cxd4 Nxd4 27. Rxf4 Bxa2 28. Rxf8+ Rxf8 29. Rxa2 Qc5 30. b4 Nxe2 31. g3 Qg1# 0-1

[Event "Unisource IV"]
[Site "Montreal CAN"]
[Date "2009.02.28"]
[Round "2"]
[White "Weston, Paul"]
[Black "Caceres Cortes, Julio"]
[Result "0-1"]
[WhiteElo "1931"]
[BlackElo "1992"]
[PlyCount "70"]
[GameId "2160767910260436"]
[EventDate "2009.02.27"]
[EventType "tourn"]
[EventRounds "5"]
[EventCountry "CAN"]
[SourceTitle "EXT 2011"]
[Source "ChessBase"]
[SourceDate "2011.11.26"]
[SourceVersion "1"]
[SourceVersionDate "2011.11.26"]
[SourceQuality "1"]

1. c4 Nf6 2. Nc3 e6 3. g3 c5 4. Bg2 Nc6 5. d3 d5 6. cxd5 Nxd5 7. Bd2 Be7 8. Nf3 O-O 9. O-O b6 10. Nxd5 exd5 11. a3 Be6 12. h3 Qd7 13. Kh2 Rad8 14. Qa4 Bf6 15. Rab1 Rfe8 16. Bg5 Bxg5 17. Nxg5 Nd4 18. Qd1 Bf5 19. e3 h6 20. exd4 hxg5 21. dxc5 bxc5 22. Rc1 Qb5 23. Qd2 Bxd3 24. Rfe1 c4 25. Qxg5 Qxb2 26. Kg1 c3 27. Rxe8+ Rxe8 28. Bxd5 Qd2 29. Bxf7+ Kxf7 30. Qd5+ Re6 31. Qd7+ Re7 32. Qd5+ Kg6 33. Qc6+ Kh7 34. Rxc3 Qe1+ 35. Kh2 Be4 0-1

[Event "Unisource IV"]
[Site "Montreal CAN"]
[Date "2009.02.28"]
[Round "2"]
[White "Xu, Haizhou"]
[Black "Le Duin, Thierry"]
[Result "0-1"]
[WhiteElo "2077"]
[BlackElo "2059"]
[PlyCount "80"]
[GameId "2160767910260437"]
[EventDate "2009.02.27"]
[EventType "tourn"]
[EventRounds "5"]
[EventCountry "CAN"]
[SourceTitle "EXT 2011"]
[Source "ChessBase"]
[SourceDate "2011.11.26"]
[SourceVersion "1"]
[SourceVersionDate "2011.11.26"]
[SourceQuality "1"]

1. e4 d5 2. exd5 Nf6 3. d4 Bg4 4. f3 Bf5 5. Bb5+ Nbd7 6. c4 e6 7. dxe6 fxe6 8. Ne2 c6 9. Ba4 Bd6 10. O-O Qc7 11. g3 h5 12. c5 Be7 13. Bf4 Qa5 14. Nbc3 O-O-O 15. a3 e5 16. b4 Qa6 17. dxe5 Nxc5 18. b5 Qb6 19. Nd4 Nxa4 20. Nxa4 Qxd4+ 21. Qxd4 Rxd4 22. exf6 Bxf6 23. Nc5 Rd5 24. Rac1 Bd4+ 25. Kg2 Bxc5 26. bxc6 bxc6 27. Rc3 Bd7 28. Rb1 Bb6 29. g4 hxg4 30. fxg4 Re8 31. h4 Re4 32. Rf1 Kb7 33. g5 Rf5 34. Kg3 Rexf4 35. Rxf4 Bc7 36. Rcc4 Rxf4 37. Rxf4 g6 38. Kf3 Bxf4 39. Kxf4 Kc7 40. Ke5 Bg4 0-1

[Event "Unisource IV"]
[Site "Montreal CAN"]
[Date "2009.02.28"]
[Round "3"]
[White "Gauthier, Luc"]
[Black "Mathews, Theo"]
[Result "0-1"]
[WhiteElo "1621"]
[BlackElo "1735"]
[PlyCount "90"]
[GameId "2160767910260439"]
[EventDate "2009.02.27"]
[EventType "tourn"]
[EventRounds "5"]
[EventCountry "CAN"]
[SourceTitle "EXT 2011"]
[Source "ChessBase"]
[SourceDate "2011.11.26"]
[SourceVersion "1"]
[SourceVersionDate "2011.11.26"]
[SourceQuality "1"]

1. e4 e5 2. Nc3 Nf6 3. f4 d5 4. fxe5 Nxe4 5. Nf3 Be7 6. Be2 Nc6 7. O-O O-O 8. d3 Nxc3 9. bxc3 Bg4 10. d4 Na5 11. Qe1 b6 12. Qg3 Bf5 13. Bd3 Bg6 14. h4 c5 15. Bxg6 hxg6 16. h5 Qe8 17. hxg6 fxg6 18. Bg5 Nc6 19. Qh4 Rf5 20. g4 Rf4 21. Bxe7 Qd7 22. Nh2 Rxf1+ 23. Rxf1 Qxe7 24. Qf2 cxd4 25. cxd4 Rf8 26. Qxf8+ Qxf8 27. Rxf8+ Kxf8 28. c3 b5 29. Nf3 Ke7 30. Kf2 Nd8 31. Ke3 Ne6 32. Ne1 Ng5 33. Nd3 Ne4 34. Nf4 Nxc3 35. Nxg6+ Kf7 36. Nf4 g5 37. Nh3 Kg6 38. Nf2 Nxa2 39. Kd3 Nb4+ 40. Ke3 a5 41. Nd1 Nc6 42. Nc3 b4 43. Nxd5 a4 44. e6 a3 45. e7 Kf7 0-1

[Event "Unisource IV"]
[Site "Montreal CAN"]
[Date "2009.02.28"]
[Round "3"]
[White "Lescarbeau, Martin"]
[Black "Luo, Zhao Yang"]
[Result "0-1"]
[WhiteElo "1574"]
[BlackElo "1650"]
[PlyCount "38"]
[GameId "2160767910260440"]
[EventDate "2009.02.27"]
[EventType "tourn"]
[EventRounds "5"]
[EventCountry "CAN"]

1. d4 Nf6 2. Nf3 g6 3. e3 e6 4. Nbd2 d5 5. c3 Nbd7 6. Bd3 c5 7. O-O Qc7 8. Re1 Bg7 9. e4 dxe4 10. Nxe4 O-O 11. g3 Nd5 12. c4 Nb4 13. Bf4 Qc6 14. Bd6 Re8 15. Bxc5 Nxc5 16. Nxc5 Bxd4 17. Nb3 Bxb2 18. Rb1 Bc3 19. Re2 Qxf3 0-1

[Event "Unisource IV"]
[Site "Montreal CAN"]
[Date "2009.02.28"]
[Round "3"]
[White "Zhang, Zhiyuan"]
[Black "Allard, Laurent"]
[Result "0-1"]
[WhiteElo "1816"]
[BlackElo "1775"]
[PlyCount "116"]
[GameId "2160767910260443"]
[EventDate "2009.02.27"]
[EventType "tourn"]
[EventRounds "5"]
[EventCountry "CAN"]
[SourceTitle "EXT 2011"]
[Source "ChessBase"]
[SourceDate "2011.11.26"]
[SourceVersion "1"]
[SourceVersionDate "2011.11.26"]
[SourceQuality "1"]

1. d4 Nf6 2. c4 g6 3. Nc3 Bg7 4. e4 d6 5. Nf3 O-O 6. Be2 e5 7. d5 a5 8. Bd2 Na6 9. h3 Nc5 10. Bg5 c6 11. Bd3 Qc7 12. Bxf6 Bxf6 13. O-O Bg7 14. Nd2 Nxd3 15. Qc2 Nc5 16. a3 a4 17. Na2 cxd5 18. cxd5 Bd7 19. Rac1 Rfc8 20. Nb4 Bb5 21. Rfd1 Qd7 22. Qb1 f5 23. f3 Bh6 24. Rc3 Bxd2 25. Rxd2 fxe4 26. fxe4 Rf8 27. Rd1 Rf4 28. Re3 Raf8 29. Qc2 Rf1+ 30. Rxf1 Rxf1+ 31. Kh2 Qf7 32. Rg3 Qf4 33. Na2 Bd3 34. Qc3 Qf2 35. Rxd3 Nxd3 36. Qxd3 Qf4+ 37. Qg3 Rh1+ 38. Kxh1 Qxg3 39. Nc3 Qe1+ 40. Kh2 Qd2 41. Nxa4 Qd4 42. Nc3 Qf2 43. Nb5 Qf4+ 44. Kg1 Qxe4 45. Nc3 Qd4+ 46. Kf1 e4 47. Ke2 e3 48. Kf3 Qd3 49. h4 Qd2 50. Ne2 Qxd5+ 51. Kxe3 Qxg2 52. h5 gxh5 53. Nd4 h4 54. Nb5 h3 55. Kf4 h2 56. Nxd6 h1=Q 57. Nxb7 Qe4+ 58. Kg5 Qhh4# 0-1

[Event "Unisource IV"]
[Site "Montreal CAN"]
[Date "2009.03.01"]
[Round "4"]
[White "Baran, Marius"]
[Black "Bedard, Michel"]
[Result "1-0"]
[WhiteElo "1654"]
[BlackElo "1681"]
[PlyCount "113"]
[GameId "2160767910260444"]
[EventDate "2009.02.27"]
[EventType "tourn"]
[EventRounds "5"]
[EventCountry "CAN"]
[SourceTitle "EXT 2011"]
[Source "ChessBase"]
[SourceDate "2011.11.26"]
[SourceVersion "1"]
[SourceVersionDate "2011.11.26"]
[SourceQuality "1"]

1. d4 d5 2. c4 c6 3. Nf3 Nf6 4. Nc3 a6 5. a4 e6 6. e3 Bb4 7. Bd2 O-O 8. Na2 Bd6 9. c5 Bc7 10. Bd3 Nbd7 11. Bc3 Re8 12. Ne5 Nxe5 13. dxe5 Nd7 14. b4 Bxe5 15. Bxe5 Nxe5 16. Bxh7+ Kxh7 17. Qh5+ Kg8 18. Qxe5 f6 19. Qg3 e5 20. O-O Qe7 21. a5 Bf5 22. Rfe1 Bd3 23. Nc3 Bc4 24. Qg6 Qf7 25. Qg3 Rad8 26. h3 d4 27. Ne4 Qe6 28. Nd6 Rxd6 29. cxd6 dxe3 30. Qxe3 Qxd6 31. Qc5 Qd5 32. Rad1 Qxc5 33. bxc5 Re7 34. Rd8+ Kf7 35. Red1 Ke6 36. R1d6+ Kf5 37. R8d7 Re8 38. Rxg7 e4 39. Rxb7 Bb5 40. Rh7 Kg6 41. Rdd7 e3 42. fxe3 Rxe3 43. Rhe7 Rc3 44. Rg7+ Kf5 45. Rh7 Kg6 46. Rdg7+ Kf5 47. Rh5+ Ke6 48. Rg8 Ra3 49. Rd8 f5 50. Rd6+ Ke5 51. g4 Kf4 52. gxf5 Kf3 53. Rd2 Be2 54. f6 Ke3 55. Rxe2+ Kxe2 56. Rf5 Ke3 57. f7 1-0

[Event "Unisource IV"]
[Site "Montreal CAN"]
[Date "2009.03.01"]
[Round "4"]
[White "Dobrev, Martin"]
[Black "Weston, Paul"]
[Result "0-1"]
[WhiteElo "1844"]
[BlackElo "1931"]
[PlyCount "58"]
[GameId "2160767910260446"]
[EventDate "2009.02.27"]
[EventType "tourn"]
[EventRounds "5"]
[EventCountry "CAN"]
[SourceTitle "EXT 2011"]
[Source "ChessBase"]
[SourceDate "2011.11.26"]
[SourceVersion "1"]
[SourceVersionDate "2011.11.26"]
[SourceQuality "1"]

1. d4 Nf6 2. c4 g6 3. Nc3 d5 4. cxd5 Nxd5 5. e4 Nxc3 6. bxc3 Bg7 7. Bc4 c5 8. Ne2 O-O 9. O-O Nc6 10. Be3 Qc7 11. Rc1 Rd8 12. Qc2 Na5 13. Bd3 c4 14. Nf4 cxd3 15. Qxd3 Qc4 16. Qd2 e6 17. e5 Bxe5 18. Nd3 Bg7 19. f4 b6 20. Rf3 Bb7 21. Rh3 Qd5 22. Ne5 f6 23. Ng4 h5 24. Ne5 fxe5 25. fxe5 Nc4 26. Qe2 Qxg2+ 27. Qxg2 Bxg2 28. Kxg2 Nxe3+ 29. Rxe3 Bh6 0-1

[Event "Unisource IV"]
[Site "Montreal CAN"]
[Date "2009.03.01"]
[Round "4"]
[White "Lalumiere, Claude"]
[Black "Zhang, Zhiyuan"]
[Result "1-0"]
[WhiteElo "1840"]
[BlackElo "1816"]
[PlyCount "103"]
[GameId "2160767910260447"]
[EventDate "2009.02.27"]
[EventType "tourn"]
[EventRounds "5"]
[EventCountry "CAN"]
[SourceTitle "EXT 2011"]
[Source "ChessBase"]
[SourceDate "2011.11.26"]
[SourceVersion "1"]
[SourceVersionDate "2011.11.26"]
[SourceQuality "1"]

1. e4 e6 2. d4 d5 3. Nc3 Bb4 4. e5 Ne7 5. a3 Bxc3+ 6. bxc3 c5 7. Nf3 Bd7 8. Bd3 c4 9. Be2 Bc6 10. O-O h6 11. Ne1 Nd7 12. f4 Qa5 13. Bd2 O-O-O 14. Nf3 Rdg8 15. Qb1 Qd8 16. a4 f5 17. a5 Nf8 18. Bc1 Nh7 19. Ba3 g5 20. Bd6 gxf4 21. Qb4 Rg7 22. Rfb1 Rhg8 23. Ne1 Ng6 24. Qc5 Qe8 25. Qxa7 Qd8 26. Qc5 Qd7 27. Rb6 Nh4 28. Bf1 Kd8 29. a6 Nxg2 30. a7 Ne3+ 31. Kf2 Ng4+ 32. Ke2 Ke8 33. Rxc6 Qxc6 34. Qxc6+ bxc6 35. a8=Q+ Kf7 36. Ra7+ Kg6 37. Rxg7+ Rxg7 38. Qe8+ Rf7 39. Qxe6+ Kg7 40. Nf3 Ng5 41. Nxg5 hxg5 42. h3 Ne3 43. Be7 g4 44. Bg5 Nxf1 45. Qh6+ Kg8 46. Bf6 Ng3+ 47. Ke1 Rd7 48. Qh8+ Kf7 49. Qg7+ Ke6 50. Qg8+ Rf7 51. Qe8+ Re7 52. Qxe7# 1-0

[Event "Unisource IV"]
[Site "Montreal CAN"]
[Date "2009.03.01"]
[Round "4"]
[White "Le Duin, Thierry"]
[Black "Caceres Cortes, Julio"]
[Result "0-1"]
[WhiteElo "2059"]
[BlackElo "1992"]
[PlyCount "62"]
[GameId "2160767910260448"]
[EventDate "2009.02.27"]
[EventType "tourn"]
[EventRounds "5"]
[EventCountry "CAN"]
[SourceTitle "EXT 2011"]
[Source "ChessBase"]
[SourceDate "2011.11.26"]
[SourceVersion "1"]
[SourceVersionDate "2011.11.26"]
[SourceQuality "1"]

1. d4 Nf6 2. Nf3 e6 3. Bg5 d5 4. e3 c5 5. c3 Nc6 6. Nbd2 cxd4 7. exd4 Be7 8. Bd3 h6 9. Bh4 O-O 10. Ne5 Nxe5 11. dxe5 Nd7 12. Bxe7 Qxe7 13. f4 Nc5 14. Nf3 Bd7 15. Qe2 a6 16. Nd4 Qh4+ 17. g3 Qh3 18. O-O-O Rfc8 19. Qf3 Nxd3+ 20. Qxd3 b5 21. Kb1 Rc4 22. a3 Rac8 23. Rd2 a5 24. Nc2 g6 25. Ka1 Re4 26. Ka2 Bc6 27. Nd4 b4 28. Qa6 Bd7 29. Qxa5 bxc3 30. bxc3 Rc4 31. Rb1 Rc8 0-1

[Event "Unisource IV"]
[Site "Montreal CAN"]
[Date "2009.03.01"]
[Round "4"]
[White "Lescarbeau, Martin"]
[Black "Sarrazin-Gendron, Roman"]
[Result "0-1"]
[WhiteElo "1574"]
[BlackElo "1641"]
[PlyCount "56"]
[GameId "2160767910260449"]
[EventDate "2009.02.27"]
[EventType "tourn"]
[EventRounds "5"]
[EventCountry "CAN"]
[SourceTitle "EXT 2011"]
[Source "ChessBase"]
[SourceDate "2011.11.26"]
[SourceVersion "1"]
[SourceVersionDate "2011.11.26"]
[SourceQuality "1"]

1. d4 Nf6 2. c4 g6 3. Nc3 Bg7 4. e4 d6 5. g3 O-O 6. Bg2 Nbd7 7. Nge2 e5 8. d5 a5 9. O-O Nc5 10. Be3 b6 11. Bxc5 bxc5 12. a4 Ne8 13. Qd2 f5 14. f3 Bd7 15. Nb5 Nf6 16. Nec3 fxe4 17. fxe4 Ng4 18. Rxf8+ Bxf8 19. Rf1 Bh6 20. Qe2 Ne3 21. Re1 Bg4 22. Qd3 Nxg2 23. Kxg2 Qd7 24. Kg1 Rf8 25. Rf1 Qe7 26. Rxf8+ Qxf8 27. Nxc7 Bh3 28. N3b5 Be3+ 0-1

[Event "Unisource IV"]
[Site "Montreal CAN"]
[Date "2009.03.01"]
[Round "4"]
[White "Luo, Zhao Yang"]
[Black "Cote-Lalumiere, Tristan"]
[Result "1-0"]
[WhiteElo "1650"]
[BlackElo "1603"]
[PlyCount "149"]
[GameId "2160767910260450"]
[EventDate "2009.02.27"]
[EventType "tourn"]
[EventRounds "5"]
[EventCountry "CAN"]

1. d4 e6 2. c4 d5 3. Nf3 Nf6 4. Nc3 a6 5. Bg5 Be7 6. e3 O-O 7. Bd3 Nbd7 8. O-O c5 9. dxc5 Nxc5 10. cxd5 Nxd5 11. Nxd5 Bxg5 12. Nxg5 Qxg5 13. Nc3 Rd8 14. f4 Qe7 15. Bxh7+ Kxh7 16. Qh5+ Kg8 17. Rf3 g6 18. Qh6 Qf8 19. Qg5 Bd7 20. b4 Na4 21. Ne4 Qg7 22. Nf6+ Kf8 23. Rh3 Ke7 24. Ne4+ Kf8 25. Nf6 Ke7 26. Nh5+ f6 27. Nxf6 Kd6 28. Qe5+ Kc6 29. Rc1+ Kb6 30. Nd5+ exd5 31. Qxg7 Bxh3 32. Qc7+ Ka7 33. gxh3 Nb6 34. Rc6 Nc4 35. Rxg6 Rac8 36. Qg7 d4 37. exd4 Re8 38. Kf2 Nb2 39. d5 Nd1+ 40. Kg3 Nc3 41. Re6 Rg8 42. Qg4 Rxg4+ 43. hxg4 Nxd5 44. f5 Rc3+ 45. Kh4 Nf4 46. Re4 Rh3+ 47. Kg5 Nd5 48. Rd4 Nc7 49. Rd7 Kb6 50. Rd2 Ne8 51. Rf2 Nd6 52. Kg6 Rh4 53. g5 Ne4 54. Rg2 Rf4 55. h3 Kc7 56. Rg4 Rxg4 57. hxg4 Kd7 58. f6 Ke8 59. Kf5 Ng3+ 60. Ke6 Ne4 61. g6 Ng5+ 62. Kf5 Nf3 63. g7 Kf7 64. g5 Nh4+ 65. Kg4 Ng6 66. Kh5 Ne5 67. g6+ Kg8 68. Kg5 b6 69. Kf5 Nf3 70. Kf4 Nh2 71. Kg5 a5 72. bxa5 bxa5 73. a4 Ng4 74. f7+ Kxg7 75. Kxg4 1-0

[Event "Unisource IV"]
[Site "Montreal CAN"]
[Date "2009.03.01"]
[Round "4"]
[White "Mathews, Theo"]
[Black "Deshetres, Michel"]
[Result "1/2-1/2"]
[WhiteElo "1735"]
[BlackElo "1688"]
[PlyCount "48"]
[GameId "2160767910260451"]
[EventDate "2009.02.27"]
[EventType "tourn"]
[EventRounds "5"]
[EventCountry "CAN"]
[SourceTitle "EXT 2011"]
[Source "ChessBase"]
[SourceDate "2011.11.26"]
[SourceVersion "1"]
[SourceVersionDate "2011.11.26"]
[SourceQuality "1"]

1. e4 Nf6 2. Nc3 d6 3. d4 g6 4. Nf3 Bg7 5. Bd3 O-O 6. O-O Nbd7 7. Be3 Ng4 8. Bf4 e5 9. dxe5 Ndxe5 10. Nxe5 Nxe5 11. Be2 Re8 12. f3 Be6 13. Qd2 Nc4 14. Bxc4 Bxc4 15. Rfd1 a6 16. Bg5 Bf6 17. Bxf6 Qxf6 18. Qd4 Qxd4+ 19. Rxd4 Be6 20. Re1 Kf8 21. Kf2 Rad8 22. Red1 Ke7 23. f4 f5 24. Re1 Kf6 1/2-1/2